Statistics for Islands of Samoa on a Map

Click here to take the quiz!

General Stats

  • This quiz has been taken 70 times
  • The average score is 4 of 10

Answers on the Map

Answers color-coded by a green-red scale on the quiz's map according to % correct below.
Loading ...
 

Answer Stats

Island % Correct
Upolu
95%
Savai'i
89%
Manono
42%
Apolima
37%
Nu'utele
32%
Nu'usafe'e
26%
Nu'ulopa
21%
Fanuatapu
16%
Namua
16%
Nu'ulua
16%

Score Distribution

Percentile by Number Answered

Percent of People with Each Score

Your Score History

You have not taken this quiz